| 000 | 01077nam a2200277 a 4500 | ||
|---|---|---|---|
| 001 | 000015530 | ||
| 005 | 20200929164051.0 | ||
| 008 | 100212s2009 dr a 001 0 spa d | ||
| 020 | _a9789945163131 | ||
| 040 |
_aDO-SdBNP _bspa _cBNPHU |
||
| 082 |
_a624.171 _bW746a, 2009 |
||
| 100 | 1 |
_aWilson, Edward L. _935065 |
|
| 240 | 1 | 0 |
_aStatic and dynamic analysis of structures _linglés |
| 245 | 1 | 0 |
_aAnálisis estático y dinámico de estructuras : _bun enfoque físico con énfasis en ingeniería sísmica / _cEdward L. Wilson ; tradución Morrison Ingenieros ; revisión técnica Carlos A. Prato ... [et al.]. |
| 250 | _a4a ed. | ||
| 260 |
_bComputers & Structures, _c2009. |
||
| 300 |
_a456 p. : _bil. |
||
| 590 | _aInventariado,2018/DG | ||
| 650 | 4 |
_aIngeniería sísmica _935066 |
|
| 650 | 4 |
_aDiseño sismo resistente _935067 |
|
| 650 | 4 |
_aIngeniería de estructuras _96896 |
|
| 650 | 4 |
_aPrevención y protección a los sismos _935068 |
|
| 700 | 1 |
_aPrato, Carlos A. _935069 |
|
| 710 | 2 |
_aMorrison ingenieros, _etr. _935070 |
|
| 910 | _aValidado. Control de calidad BNPHU | ||
| 999 |
_c15086 _d15086 |
||